<?xml version="1.0" encoding="UTF-8"?>
<record
    xmlns:xsi="http://www.w3.org/2001/XMLSchema-instance"
    xsi:schemaLocation="http://www.loc.gov/MARC21/slim http://www.loc.gov/standards/marcxml/schema/MARC21slim.xsd"
    xmlns="http://www.loc.gov/MARC21/slim">

  <leader>01261nam a22002297a 4500</leader>
  <controlfield tag="003">OSt</controlfield>
  <controlfield tag="005">20201112090047.0</controlfield>
  <controlfield tag="008">181109s  2014    dr a        000 0 spa d</controlfield>
  <datafield tag="020" ind1=" " ind2=" ">
    <subfield code="z">9789945460575</subfield>
  </datafield>
  <datafield tag="040" ind1=" " ind2=" ">
    <subfield code="a">DO-SdBNP</subfield>
    <subfield code="b">spa</subfield>
    <subfield code="c">BNPHU</subfield>
  </datafield>
  <datafield tag="082" ind1=" " ind2=" ">
    <subfield code="b">M971L, 2014</subfield>
  </datafield>
  <datafield tag="100" ind1="1" ind2=" ">
    <subfield code="a">Mu&#xF1;oz, Orlando,</subfield>
    <subfield code="d">1972-</subfield>
    <subfield code="9">33211</subfield>
  </datafield>
  <datafield tag="245" ind1="1" ind2="3">
    <subfield code="a">La lengua en movimiento :</subfield>
    <subfield code="b">manual de teor&#xED;a y ejercicios de lengua espa&#xF1;ola /</subfield>
    <subfield code="c">Orlando Mu&#xF1;oz.</subfield>
  </datafield>
  <datafield tag="250" ind1=" " ind2=" ">
    <subfield code="a">4&#xAA; ed.</subfield>
  </datafield>
  <datafield tag="260" ind1=" " ind2=" ">
    <subfield code="a">Santo Domingo :</subfield>
    <subfield code="b">B&#xFA;ho,</subfield>
    <subfield code="c">2014.</subfield>
  </datafield>
  <datafield tag="300" ind1=" " ind2=" ">
    <subfield code="a">410 p. :</subfield>
    <subfield code="b">il. ;</subfield>
    <subfield code="c">23 cm.</subfield>
  </datafield>
  <datafield tag="500" ind1=" " ind2=" ">
    <subfield code="a">Incluye datos biogr&#xE1;ficos del autor en las solapas</subfield>
  </datafield>
  <datafield tag="504" ind1=" " ind2=" ">
    <subfield code="a">Bibliograf&#xED;a : p. 407-410</subfield>
  </datafield>
  <datafield tag="505" ind1="0" ind2=" ">
    <subfield code="a">La comunicaci&#xF3;n ling&#xFC;&#xED;stica --</subfield>
    <subfield code="t">La pragm&#xE1;tica ling&#xFC;&#xED;stica --</subfield>
    <subfield code="t">La compresi&#xF3;n de la lectura --</subfield>
    <subfield code="t">El estudio de lengua --</subfield>
    <subfield code="t">La lengua espa&#xF1;ola en el tiempo --</subfield>
    <subfield code="t">El espa&#xF1;ol en Am&#xE9;rica y Rep&#xFA;blica Dominicana --</subfield>
    <subfield code="t">El aspecto oral de la lengua --</subfield>
    <subfield code="t">El aspecto formal de la lengua --</subfield>
    <subfield code="t">La sintaxis del espa&#xF1;ol --</subfield>
    <subfield code="t">Lexicolog&#xED;a y sem&#xE1;ntica del espa&#xF1;ol --</subfield>
    <subfield code="t">La expresi&#xF3;n escrita --</subfield>
    <subfield code="t">La ortograf&#xED;a de la lengua espa&#xF1;ola --</subfield>
    <subfield code="t">Estructuras argumentativas y anal&#xF3;gicas --</subfield>
    <subfield code="t">Las figuras ling&#xFC;&#xED;sticas del discurso --</subfield>
    <subfield code="t">Expresiones hom&#xF3;fonas y par&#xF3;nimas --</subfield>
  </datafield>
  <datafield tag="590" ind1=" " ind2=" ">
    <subfield code="a">Inventariado, 2018/LP</subfield>
  </datafield>
  <datafield tag="942" ind1=" " ind2=" ">
    <subfield code="2">ddc</subfield>
    <subfield code="c">LBS1</subfield>
  </datafield>
  <datafield tag="952" ind1=" " ind2=" ">
    <subfield code="0">0</subfield>
    <subfield code="1">0</subfield>
    <subfield code="2">ddc</subfield>
    <subfield code="5">1</subfield>
    <subfield code="7">1</subfield>
    <subfield code="8">MO</subfield>
    <subfield code="a">BNPHU</subfield>
    <subfield code="b">PD</subfield>
    <subfield code="c">HD</subfield>
    <subfield code="d">2020-11-12</subfield>
    <subfield code="e">Nieves L. Emeterio Rond&#xF3;n </subfield>
    <subfield code="l">0</subfield>
    <subfield code="o">M971L, 2014</subfield>
    <subfield code="r">2020-11-12</subfield>
    <subfield code="w">2020-11-12</subfield>
    <subfield code="y">LBS1</subfield>
  </datafield>
  <datafield tag="999" ind1=" " ind2=" ">
    <subfield code="c">49124</subfield>
    <subfield code="d">49124</subfield>
  </datafield>
</record>
